000 01550nam a2200301 i 4500
001 127162
003 ES-MaACL
005 20251003184440.0
007 t|
008 170619s1945 sp r ||||1| spa d
245 0 0 _aFiguras cumbre del arte contemporaneo español.
_nII.
260 _aBarcelona :
_bArchivo de Arte,
_c[1945?]
300 _a1 v. :
_bpricipalmente il. col. ;
_c34 cm.
505 0 _aIvo Pascual / Juan Teixidor (10 h. de lám., 1 retr., 2 h. de texto). Ceferino Olivé / Fernando Gutiérrez (10 h. de lám., 1 retr., 2 h. de texto). Rafael Durancamps / César González Ruano (10 h. de lám., 1 retr., 2 h. de texto). Manolo Hugué / Juan Teixidor (10 h. de lám., 1 retr., 2 h. de texto). Francisco Ribera / José Prados López (10 h. de lám., 1 retr., 2 h. de texto)
594 _aCada artista con retrato y reproducción de obras en láminas en blanco y negro y color, montadas sobre papel, más 2 h. con texto de presentación.
600 1 4 _aPascual, Ivo.
_9163076
600 1 7 _aOlivé, Ceferino,
_d1907-1995
_2
_9163077
600 1 4 _aDurancamps, Rafael.
_946244
600 1 7 _aHugué, Manolo,
_d1872-1945
_2
_9152435
600 1 4 _aRibera Gómez, Francisco (
_d1907-1990)
_9163078
650 0 0 _aArte español-
_yS.XX.
_910202
700 1 _aTeixidor, Joan (
_d1913-1992)
_9109541
700 1 _aGutiérrez, Fernando,
_d1911-1984
_9156260
700 1 _aGonzález-Ruano, César,
_d1903-1965
_958936
700 1 _aPrados López, José.
_993642
852 _aES-MaACL
_jB-2914
_z- Enc. tela
999 _c127162
_d127162